[Event "V Floripa Chess Open 2019"]
[Site "Florianopolis/SC"]
[Date "2019.01.24"]
[Round "6.72"]
[White "Jenidarchiche, Douglas Rodrigo"]
[Black "Almeida Junior, Alvaro Alves De"]
[Result "0-1"]
[WhiteElo "1816"]
[BlackElo "2039"]
[PlyCount "58"]
[EventDate "2019.01.21"]
[EventRounds "10"]
[EventCountry "BRA"]

1. e4 c5 2. Nf3 d6 3. Bb5+ Bd7 4. Bxd7+ Qxd7 5. c4 Qg4 6. O-O Qxe4 7. d4 cxd4 8. Nxd4 Nc6 9. Nb5 O-O-O 10. Be3 Kb8 11. Qa4 a6 12. N1c3 axb5 13. Qxb5 Qe5 14. c5 d5 15. Rfd1 Nf6 16. g3 Qc7 17. b4 d4 18. Qa4 dxc3 19. b5 Rxd1+ 20. Rxd1 Qa5 21. Bf4+ e5 22. Bxe5+ Kc8 23. Rd8+ Kxd8 24. Bxf6+ gxf6 25. Qd1+ Ke8 26. bxc6 bxc6 27. Qf3 Qxc5 28. Qe2+ Be7 29. Qa6 c2 0-1

[Event "V Floripa Chess Open 2019"]
[Site "Florianopolis/SC"]
[Date "2019.01.24"]
[Round "6.73"]
[White "Do Nascimento, Christian Almeida"]
[Black "Leon Lopes, Sergio Amadeus"]
[Result "1-0"]
[WhiteElo "2029"]
[BlackElo "1879"]
[PlyCount "105"]
[EventDate "2019.01.21"]
[EventRounds "10"]
[EventCountry "BRA"]

1. d4 Nf6 2. e3 d5 3. f4 Bf5 4. Nf3 e6 5. Nbd2 Nbd7 6. Bd3 Bg6 7. Ne5 Nxe5 8. fxe5 Ne4 9. Bxe4 dxe4 10. O-O Qg5 11. Rf4 O-O-O 12. Nxe4 Qh6 13. Ng3 f6 14. e4 Qg5 15. Rf1 Qh4 16. Bf4 Be8 17. exf6 gxf6 18. c4 Bc5 19. Be3 e5 20. Qf3 Bxd4 21. Bxd4 Rxd4 22. Nf5 Qxe4 23. Nxd4 Qxd4+ 24. Qf2 Bg6 25. Qxd4 exd4 26. Rxf6 Re8 27. Raf1 Re2 28. R6f2 Re3 29. Rd2 c5 30. h4 b6 31. Rf3 Re4 32. g3 Re1+ 33. Rf1 Re3 34. Kh2 Kd7 35. b3 Ke6 36. g4 Ke5 37. h5 Be4 38. Rf7 d3 39. Rdf2 Kd4 40. Rd7+ Kc3 41. g5 Re2 42. Kg3 Kd2 43. g6 hxg6 44. h6 g5 45. h7 Bxh7 46. Rxh7 Rxf2 47. Kxf2 g4 48. Rxa7 g3+ 49. Kxg3 Kc2 50. Kf4 d2 51. Rd7 d1=Q 52. Rxd1 Kxd1 53. Ke5 1-0

[Event "V Floripa Chess Open 2019"]
[Site "Florianopolis/SC"]
[Date "2019.01.24"]
[Round "6.74"]
[White "Urquiza, Marcello De Albuque"]
[Black "Klein, Luan Carlos"]
[Result "1/2-1/2"]
[WhiteElo "2025"]
[BlackElo "1875"]
[PlyCount "58"]
[EventDate "2019.01.21"]
[EventRounds "10"]
[EventCountry "BRA"]

1. e4 c5 2. Nf3 d6 3. d4 cxd4 4. Nxd4 Nf6 5. Nc3 g6 6. Be2 Bg7 7. Be3 a6 8. f4 Nc6 9. Nxc6 bxc6 10. e5 dxe5 11. Qxd8+ Kxd8 12. fxe5 Ng4 13. Bb6+ Ke8 14. O-O-O Be6 15. Bxa6 Bxe5 16. Bb7 Rb8 17. Bxc6+ Kf8 18. Bd4 Bf4+ 19. Kb1 f6 20. h3 Ne5 21. Be4 Nc4 22. g3 Bf5 23. Bxf5 gxf5 24. Bc5 Nd2+ 25. Rxd2 Bxd2 26. Nd5 Rb5 27. Nc7 Rb7 28. Ne6+ Kf7 29. Rd1 Ba5 1/2-1/2

[Event "V Floripa Chess Open 2019"]
[Site "Florianopolis/SC"]
[Date "2019.01.24"]
[Round "6.75"]
[White "Mangialardo, Tiago Carvalho"]
[Black "Cordioli, Jairo Ribeiro"]
[Result "0-1"]
[WhiteElo "2021"]
[BlackElo "1872"]
[PlyCount "56"]
[EventDate "2019.01.21"]
[EventRounds "10"]
[EventCountry "BRA"]

1. e4 c5 2. Nf3 d6 3. Bb5+ Bd7 4. Bxd7+ Qxd7 5. O-O Nc6 6. Qe2 Nf6 7. c3 e5 8. Rd1 Be7 9. d4 Qc7 10. d5 Nb8 11. Nh4 g6 12. Bh6 Nxd5 13. Nf5 gxf5 14. Rxd5 fxe4 15. Qxe4 Nd7 16. Qf5 Nf6 17. Rd2 Rg8 18. h3 Qd7 19. Qf3 Rg6 20. Qe3 O-O-O 21. Bg5 Rdg8 22. f4 Nh5 23. Bxe7 Qxe7 24. fxe5 Rg3 25. Qh6 Qxe5 26. Na3 Rxh3 27. Qxd6 Qe3+ 28. Rf2 Ng3 0-1

[Event "V Floripa Chess Open 2019"]
[Site "Florianopolis/SC"]
[Date "2019.01.24"]
[Round "6.76"]
[White "Weise, William Ferreira"]
[Black "Nascimento, Pedro Henrique Alve"]
[Result "1-0"]
[WhiteElo "1778"]
[BlackElo "2015"]
[PlyCount "79"]
[EventDate "2019.01.21"]
[EventRounds "10"]
[EventCountry "BRA"]

1. d4 d5 2. Nf3 Nf6 3. Bf4 c5 4. e3 Nc6 5. c4 cxd4 6. Nxd4 Nxd4 7. exd4 e6 8. Nc3 a6 9. c5 Bd7 10. b4 Ne4 11. Nxe4 dxe4 12. Bc4 Bc6 13. O-O Be7 14. a4 O-O 15. b5 axb5 16. axb5 Bd5 17. Rxa8 Qxa8 18. Bxd5 exd5 19. Qa1 Bf6 20. Be3 Rc8 21. b6 h6 22. Qa7 Qxa7 23. bxa7 Ra8 24. Ra1 Bg5 25. Bxg5 hxg5 26. h3 Kf8 27. Kh2 f5 28. Kg3 Ke7 29. Ra2 Kf6 30. Ra3 Ke6 31. f4 Kf6 32. fxg5+ Kxg5 33. h4+ Kf6 34. Kf4 g6 35. g3 Ke6 36. Kg5 Kf7 37. h5 gxh5 38. Kxf5 e3 39. Rxe3 Rxa7 40. Ke5 1-0

[Event "V Floripa Chess Open 2019"]
[Site "Florianopolis/SC"]
[Date "2019.01.24"]
[Round "6.77"]
[White "Heinechen, John"]
[Black "De Haro, Martim Afonso Palma"]
[Result "1-0"]
[WhiteElo "2002"]
[BlackElo "1837"]
[PlyCount "43"]
[EventDate "2019.01.21"]
[EventRounds "10"]
[EventCountry "BRA"]

1. e4 e5 2. Nf3 Nc6 3. Bc4 Bc5 4. c3 Bb6 5. d4 Qe7 6. O-O d6 7. a4 a6 8. h3 Nf6 9. Re1 h6 10. a5 Ba7 11. b4 Bd7 12. Ba3 g5 13. b5 axb5 14. Bxb5 g4 15. hxg4 Nxg4 16. Ra2 Qf6 17. Nbd2 exd4 18. e5 Ngxe5 19. Ne4 Qe6 20. Rb2 Bb6 21. Rb4 O-O-O 22. Nxd4 1-0

[Event "V Floripa Chess Open 2019"]
[Site "Florianopolis/SC"]
[Date "2019.01.24"]
[Round "6.78"]
[White "Barreiros Da Silva, Denison Klein"]
[Black "Menezes, Jose Eduardo Carnei"]
[Result "1-0"]
[WhiteElo "1990"]
[BlackElo "1827"]
[PlyCount "130"]
[EventDate "2019.01.21"]
[EventRounds "10"]
[EventCountry "BRA"]

1. e4 c5 2. Nf3 d6 3. d4 cxd4 4. Nxd4 Nf6 5. Nc3 a6 6. Bg5 e6 7. f4 Be7 8. Qf3 Qc7 9. O-O-O O-O 10. g4 Nc6 11. Nb3 b5 12. Bxf6 Bxf6 13. g5 Bxc3 14. Qxc3 Bb7 15. Bd3 b4 16. Qd2 a5 17. Kb1 a4 18. Nc1 Rfd8 19. h4 a3 20. b3 d5 21. e5 d4 22. Rhg1 Ne7 23. h5 Nd5 24. Ne2 Ba6 25. g6 fxg6 26. hxg6 h6 27. Rg3 Nc3+ 28. Nxc3 Qxc3 29. Qxc3 dxc3 30. Kc1 Kf8 31. Bxa6 Rxd1+ 32. Kxd1 Rxa6 33. Rd3 Ke7 34. Rd4 Rb6 35. Ke2 Rb7 36. Ke3 Rd7 37. Rxb4 Rd2 38. Rb7+ Kf8 39. Rf7+ Kg8 40. Rc7 Kf8 41. f5 exf5 42. Rxc3 Rg2 43. Rc6 h5 44. Kf4 Rf2+ 45. Kg5 f4 46. Kxh5 f3 47. Kg4 Rf1 48. Ra6 f2 49. Kg3 Rc1 50. Kxf2 Rxc2+ 51. Kf3 Rxa2 52. Ke4 Ke7 53. Ra7+ Ke6 54. Rxg7 Re2+ 55. Kf4 Rf2+ 56. Ke4 a2 57. Ra7 Rg2 58. Ra6+ Ke7 59. Kd4 Rxg6 60. Rxa2 Rb6 61. Kc4 Ke6 62. Ra5 Rc6+ 63. Kb4 Rb6+ 64. Kc3 Rb8 65. b4 Kd7 1-0

[Event "V Floripa Chess Open 2019"]
[Site "Florianopolis/SC"]
[Date "2019.01.24"]
[Round "6.79"]
[White "Pereira Da Silva, Breno D Alkmin"]
[Black "Nunes, Agatha Hurba"]
[Result "1/2-1/2"]
[WhiteElo "1982"]
[BlackElo "1822"]
[PlyCount "46"]
[EventDate "2019.01.21"]
[EventRounds "10"]
[EventCountry "BRA"]

1. e4 e5 2. d4 d5 3. exd5 exd4 4. Nf3 Nf6 5. Bd3 Bd6 6. Qe2+ Qe7 7. Qxe7+ Bxe7 8. O-O O-O 9. Re1 Bd6 10. Bg5 Nbd7 11. Nbd2 h6 12. Bh4 b6 13. Nf1 Bb7 14. Bg3 Bxg3 15. Nxg3 Rfe8 16. Nf5 h5 17. Ng3 g6 18. c3 Ne4 19. Bb5 c6 20. Bd3 f5 21. Nh4 Nf8 22. Nf3 Nd7 23. Nh4 Nf8 1/2-1/2

[Event "V Floripa Chess Open 2019"]
[Site "Florianopolis/SC"]
[Date "2019.01.24"]
[Round "6.80"]
[White "Brasileiro, Antonio Carlos"]
[Black "Acosta, Pablo Alejandro"]
[Result "0-1"]
[WhiteElo "1766"]
[BlackElo "1981"]
[PlyCount "40"]
[EventDate "2019.01.21"]
[EventRounds "10"]
[EventCountry "BRA"]

1. d4 e6 2. e3 f5 3. f4 Nf6 4. Nf3 b6 5. Bd3 Bb7 6. O-O Be7 7. Qe1 O-O 8. c3 Qe8 9. Nbd2 Ne4 10. Bc2 c5 11. Nxe4 Bxe4 12. Bxe4 fxe4 13. Ng5 Bxg5 14. fxg5 Rxf1+ 15. Qxf1 Qh5 16. dxc5 Nc6 17. Bd2 Rf8 18. Qe1 Ne5 19. h4 Qg4 20. Kh2 Nf3+ 0-1

[Event "V Floripa Chess Open 2019"]
[Site "Florianopolis/SC"]
[Date "2019.01.24"]
[Round "6.81"]
[White "Costa, Pedro Henrique"]
[Black "Britez, G Jorge A"]
[Result "0-1"]
[WhiteElo "1978"]
[BlackElo "1812"]
[PlyCount "105"]
[EventDate "2019.01.21"]
[EventRounds "10"]
[EventCountry "BRA"]

1. d4 Nf6 2. Nf3 g6 3. c4 d5 4. Nc3 Bg7 5. Bf4 c6 6. e3 O-O 7. Bd3 Bf5 8. Bxf5 gxf5 9. Qb3 Qb6 10. Qxb6 axb6 11. cxd5 cxd5 12. O-O Nfd7 13. Ne5 e6 14. f3 Rc8 15. Rfc1 Nxe5 16. Bxe5 Nd7 17. Bg3 Bf6 18. a3 Rc6 19. Ne2 Rac8 20. Rc3 b5 21. Rac1 Be7 22. Nf4 Rxc3 23. Rxc3 Rxc3 24. bxc3 Bxa3 25. Nd3 Kf8 26. Kf2 Ke7 27. Ke2 Bd6 28. Bh4+ f6 29. h3 Nb6 30. e4 fxe4 31. fxe4 dxe4 32. Nf2 Kf7 33. Nxe4 Be7 34. Bg3 Nd5 35. Kd3 f5 36. Nd2 Bg5 37. Nf3 Bf4 38. Bh4 h6 39. g4 Bd6 40. Ne5+ Bxe5 41. dxe5 Nf4+ 42. Kd4 Nxh3 43. gxf5 exf5 44. Kc5 Ke6 45. Kxb5 Kxe5 46. Kb6 f4 47. c4 f3 48. Kxb7 f2 49. Bxf2 Nxf2 50. c5 Ne4 51. c6 h5 52. c7 Nd6+ 53. Kc6 0-1

[Event "V Floripa Chess Open 2019"]
[Site "Florianopolis/SC"]
[Date "2019.01.24"]
[Round "6.82"]
[White "Carvalho Jr, Celestino"]
[Black "Bail, Ellen Larissa"]
[Result "1/2-1/2"]
[WhiteElo "1976"]
[BlackElo "1803"]
[PlyCount "166"]
[EventDate "2019.01.21"]
[EventRounds "10"]
[EventCountry "BRA"]

1. Nf3 d5 2. g3 g6 3. Bg2 Bg7 4. O-O Nf6 5. d3 O-O 6. Nbd2 Re8 7. e4 e5 8. Re1 dxe4 9. dxe4 c5 10. c3 Nc6 11. Qc2 Be6 12. Nf1 Qc7 13. Ne3 Rad8 14. Ng5 Qc8 15. Nxe6 Qxe6 16. Nd5 Rd7 17. Bg5 Nh5 18. Rad1 h6 19. Be3 b6 20. Bf3 Nf6 21. Qb3 Red8 22. Nxf6+ Qxf6 23. Be2 Rd6 24. Qc2 g5 25. Kg2 Qg6 26. f3 Ne7 27. Rxd6 Rxd6 28. Rd1 Nd5 29. Bc1 Nc7 30. Be3 Nd5 31. Bf2 Nc7 32. b4 cxb4 33. cxb4 Rc6 34. Qa4 a6 35. Bxa6 Nxa6 36. Qxa6 g4 37. Qd3 gxf3+ 38. Qxf3 Rc4 39. Rd8+ Kh7 40. Qf5 Rxe4 41. Qxg6+ fxg6 42. Kf3 h5 43. Be3 b5 44. h3 Rc4 45. Rb8 Rc2 46. Rxb5 Rxa2 47. h4 Rc2 48. Rb7 Kg8 49. Rd7 Rc3 50. Ke2 Rc2+ 51. Bd2 Ra2 52. Ke3 Ra3+ 53. Kf2 Ra4 54. Kf3 Ra3+ 55. Kf2 Ra4 56. Ke3 Ra3+ 57. Rd3 Rxd3+ 58. Kxd3 Kf7 59. Kc4 Ke6 60. Kc5 Bf8+ 61. Kc6 Bd6 62. Be3 Bxb4 63. Bf2 Ba5 64. Kc5 Bd2 65. Kc4 Ba5 66. Kd3 Bb4 67. Ke2 Ba5 68. Kf3 Bb4 69. g4 Bc3 70. Be3 Bb4 71. gxh5 gxh5 72. Ke2 Bc3 73. Kd3 Be1 74. Bg5 Bb4 75. Kc4 Be1 76. Kc5 Bc3 77. Kb6 Be1 78. Kc7 Ba5+ 79. Kc8 Bb6 80. Bd8 Bf2 81. Kc7 Be1 82. Kc6 Bf2 83. Bg5 Bb6 1/2-1/2

[Event "V Floripa Chess Open 2019"]
[Site "Florianopolis/SC"]
[Date "2019.01.24"]
[Round "6.83"]
[White "Mendes, Joao Paulo"]
[Black "Rocancourt Moreira, Mauricio"]
[Result "1-0"]
[WhiteElo "1973"]
[BlackElo "1777"]
[PlyCount "53"]
[EventDate "2019.01.21"]
[EventRounds "10"]
[EventCountry "BRA"]

1. e4 c5 2. Nf3 e6 3. d4 cxd4 4. Nxd4 a6 5. g3 b5 6. Bg2 Bb7 7. O-O Nf6 8. Bg5 Be7 9. Nd2 h6 10. Be3 Qc7 11. Rc1 O-O 12. c4 b4 13. N2b3 Nc6 14. Re1 Ne5 15. c5 Nfg4 16. Bf4 g5 17. Qxg4 Kh7 18. Bxe5 Qxe5 19. c6 dxc6 20. Nxc6 Bxc6 21. Rxc6 Qxb2 22. Rc7 Bd6 23. Rd7 Be5 24. Qxe6 Bg7 25. Qf5+ Kg8 26. e5 Rae8 27. Be4 1-0

[Event "V Floripa Chess Open 2019"]
[Site "Florianopolis/SC"]
[Date "2019.01.24"]
[Round "6.84"]
[White "Da Silva, Daniel Pereira"]
[Black "Rueda, Joaquin"]
[Result "0-1"]
[WhiteElo "1773"]
[BlackElo "1961"]
[PlyCount "138"]
[EventDate "2019.01.21"]
[EventRounds "10"]
[EventCountry "BRA"]

1. d4 d5 2. c4 Nc6 3. Nf3 Bg4 4. Nc3 e6 5. Bf4 Bb4 6. Ne5 Nxe5 7. Bxe5 Bxc3+ 8. bxc3 f6 9. Bg3 Ne7 10. Qa4+ Qd7 11. Qxd7+ Kxd7 12. f3 Bf5 13. cxd5 exd5 14. e3 Bg6 15. Kd2 Rhe8 16. Bf2 Nf5 17. c4 dxc4 18. Bxc4 Rad8 19. Rac1 Kc8 20. h4 Nd6 21. Bb3 Re7 22. Bg3 Nf5 23. Bf4 Nxd4 24. Ke1 c6 25. Bd1 Nf5 26. Rc3 Red7 27. Bb3 Bf7 28. Bc2 Be6 29. g4 Ne7 30. e4 a6 31. a3 Ng6 32. Be3 Ne5 33. Ke2 Nc4 34. Bb3 b5 35. Rhc1 Kb7 36. Bf4 Bg8 37. a4 Re8 38. Rb1 Nd6 39. Bxg8 Rxg8 40. Rd1 Rgd8 41. Rcd3 Kc7 42. axb5 cxb5 43. Ra1 Kb7 44. Rad1 Kc6 45. Ra1 Kb6 46. Rad1 Kc6 47. Ra1 Nc4 48. Rxa6+ Kc5 49. Rxd7 Rxd7 50. Ra8 b4 51. Rb8 Na3 52. Bd2 Nb5 53. Kd1 Kc4 54. Kc1 Nc3 55. Kc2 b3+ 56. Kc1 Ne2+ 57. Kd1 Nd4 58. Rb4+ Kc5 59. Kc1 Ne2+ 60. Kb1 Rxd2 61. Rxb3 Rd6 62. Ra3 Rb6+ 63. Kc2 Nd4+ 64. Kd2 Rb7 65. Rc3+ Kb4 66. Re3 Ne6 67. Kc2 Kc4 68. Rc3+ Kd4 69. Rd3+ Ke5 0-1

[Event "V Floripa Chess Open 2019"]
[Site "Florianopolis/SC"]
[Date "2019.01.24"]
[Round "6.85"]
[White "Bassani, Jaison Jose"]
[Black "Mileski, Lucas De Souza"]
[Result "1-0"]
[WhiteElo "1959"]
[BlackElo "1774"]
[PlyCount "57"]
[EventDate "2019.01.21"]
[EventRounds "10"]
[EventCountry "BRA"]

1. e4 c5 2. Nf3 d6 3. c3 Nf6 4. Be2 Nc6 5. d4 cxd4 6. cxd4 e6 7. Nc3 Be7 8. O-O d5 9. e5 Ne4 10. Bd3 Nxc3 11. bxc3 O-O 12. Bc2 Bd7 13. Qd3 g6 14. Bh6 Re8 15. g3 Na5 16. Qe3 Rc8 17. Ng5 Bf8 18. Qf4 f6 19. exf6 Bxh6 20. f7+ Kg7 21. fxe8=Q Qxe8 22. h4 Bxg5 23. hxg5 Rxc3 24. Rac1 Qf7 25. Qxf7+ Kxf7 26. Bxg6+ Kxg6 27. Rxc3 Kxg5 28. Rfc1 Bc6 29. Re1 1-0

[Event "V Floripa Chess Open 2019"]
[Site "Florianopolis/SC"]
[Date "2019.01.24"]
[Round "6.86"]
[White "Takano, Nicholas Ryo"]
[Black "Peroza, Eduardo Antunes"]
[Result "1-0"]
[WhiteElo "1954"]
[BlackElo "1745"]
[PlyCount "59"]
[EventDate "2019.01.21"]
[EventRounds "10"]
[EventCountry "BRA"]

1. e4 c5 2. Nf3 e6 3. d4 cxd4 4. Nxd4 a6 5. Nc3 Qc7 6. Bd3 Nf6 7. Qe2 d6 8. O-O Be7 9. Bd2 Nc6 10. Nxc6 bxc6 11. Rae1 e5 12. Kh1 a5 13. f4 Rb8 14. b3 Nd7 15. f5 h6 16. Qh5 Bf6 17. g4 Qd8 18. Bc4 Rf8 19. Rd1 Nb6 20. Be2 Rb7 21. Be3 Rd7 22. h4 Qc7 23. g5 hxg5 24. hxg5 g6 25. fxg6 Rh8 26. gxf7+ Kf8 27. Rxf6 Rxh5+ 28. Bxh5 Rd8 29. Rdf1 Qe7 30. Bf3 1-0

[Event "V Floripa Chess Open 2019"]
[Site "Florianopolis/SC"]
[Date "2019.01.24"]
[Round "6.87"]
[White "Araujo, Renan Aparecido"]
[Black "Lara, Diego Costa"]
[Result "1-0"]
[WhiteElo "1940"]
[BlackElo "1678"]
[PlyCount "89"]
[EventDate "2019.01.21"]
[EventRounds "10"]
[EventCountry "BRA"]

1. d4 e6 2. Bf4 c5 3. e3 Qb6 4. Nc3 a6 5. a3 Nf6 6. Nf3 d5 7. Be2 cxd4 8. exd4 Be7 9. O-O O-O 10. Bd3 Nc6 11. Rb1 Kh8 12. Ne2 Qd8 13. c3 Nh5 14. Be3 Bd6 15. Qc2 h6 16. Qd2 g5 17. Ne1 e5 18. dxe5 Nxe5 19. Bd4 f6 20. f4 Nxd3 21. Nxd3 g4 22. f5 Kh7 23. Be3 Qc7 24. Ndf4 Nxf4 25. Bxf4 Bxf4 26. Qxf4 Qxf4 27. Rxf4 Re8 28. Ng3 Re5 29. Rd1 Bd7 30. c4 Bc6 31. cxd5 Bxd5 32. Rxg4 Bc6 33. Rg6 Rxf5 34. Rxh6+ Kxh6 35. Nxf5+ Kg5 36. Nd4 Be4 37. Re1 f5 38. Ne6+ Kf6 39. Nc5 Bd5 40. Nd7+ Kf7 41. Nb6 Rd8 42. Rd1 Ke6 43. Rxd5 Rxd5 44. Nxd5 Kxd5 45. Kf2 1-0

[Event "V Floripa Chess Open 2019"]
[Site "Florianopolis/SC"]
[Date "2019.01.24"]
[Round "6.88"]
[White "Eger, Laura Luisa"]
[Black "Guimaraes, Artemis Pamela"]
[Result "0-1"]
[WhiteElo "1662"]
[BlackElo "1938"]
[PlyCount "40"]
[EventDate "2019.01.21"]
[EventRounds "10"]
[EventCountry "BRA"]

1. e4 e5 2. Nf3 Nc6 3. Bc4 Nf6 4. d3 Be7 5. c3 O-O 6. O-O d6 7. Re1 Na5 8. Bb5 c5 9. Nbd2 a6 10. Ba4 b5 11. Bc2 Bb7 12. Nf1 h6 13. Ng3 Re8 14. Nf5 Bf8 15. h3 Qd7 16. Nh2 d5 17. Ng4 Nh7 18. Qf3 Rad8 19. b4 dxe4 20. dxe4 Nc4 0-1

[Event "V Floripa Chess Open 2019"]
[Site "Florianopolis/SC"]
[Date "2019.01.24"]
[Round "6.89"]
[White "Ribeiro, Regina"]
[Black "Zampronha, Vitor Luis"]
[Result "0-1"]
[WhiteElo "1936"]
[BlackElo "1593"]
[PlyCount "28"]
[EventDate "2019.01.21"]
[EventRounds "10"]
[EventCountry "BRA"]

1. Nf3 Nf6 2. g3 g6 3. b3 Bg7 4. Bb2 O-O 5. Bg2 d5 6. O-O c5 7. d4 b6 8. dxc5 bxc5 9. c4 e6 10. Ne5 Bb7 11. Qc2 Nbd7 12. Nd3 dxc4 13. Qxc4 Qc7 14. Nxc5 Qxc5 0-1

[Event "V Floripa Chess Open 2019"]
[Site "Florianopolis/SC"]
[Date "2019.01.24"]
[Round "6.90"]
[White "Maiberg, Wellington Gubiani"]
[Black "Lima, Vinicius Taishun"]
[Result "1-0"]
[WhiteElo "1935"]
[BlackElo "1585"]
[PlyCount "36"]
[EventDate "2019.01.21"]
[EventRounds "10"]
[EventCountry "BRA"]

1. e4 c5 2. d4 cxd4 3. c3 dxc3 4. Nxc3 e6 5. Nf3 a6 6. Bc4 b5 7. Bb3 d6 8. O-O Ra7 9. Qe2 Rd7 10. Rd1 Nc6 11. Bf4 Bb7 12. Rac1 Nf6 13. e5 dxe5 14. Bxe5 Nxe5 15. Qxe5 Be7 16. Rxd7 Qxd7 17. Qb8+ Qc8 18. Qxc8+ Bxc8 1-0

[Event "V Floripa Chess Open 2019"]
[Site "Florianopolis/SC"]
[Date "2019.01.24"]
[Round "6.107"]
[White "Da Silva Junior, Marco Aurelio"]
[Black "Crul, Otavio Augusto Barr"]
[Result "1/2-1/2"]
[WhiteElo "1672"]
[BlackElo "1890"]
[PlyCount "47"]
[EventDate "2019.01.21"]
[EventRounds "10"]
[EventCountry "BRA"]

1. Nf3 Nf6 2. g3 g6 3. b3 Bg7 4. Bb2 O-O 5. Bg2 d5 6. O-O Nbd7 7. d3 c5 8. Nbd2 b6 9. c4 Bb7 10. cxd5 Bxd5 11. e4 Bb7 12. Qe2 Qc7 13. Nc4 Rad8 14. Rad1 b5 15. Nce5 Qb6 16. Nxd7 Rxd7 17. Rd2 c4 18. Bxf6 Bxf6 19. dxc4 Rxd2 20. Nxd2 bxc4 21. Nxc4 Qc5 22. Rd1 Ba6 23. Qe3 Rc8 24. Rd8+ 1/2-1/2

[Event "V Floripa Chess Open 2019"]
[Site "Florianopolis/SC"]
[Date "2019.01.24"]
[Round "6.108"]
[White "Szuba, Joao Gabriel Muniz"]
[Black "Almeida, Heidy Jose Moreira "]
[Result "0-1"]
[WhiteElo "1659"]
[BlackElo "1886"]
[PlyCount "56"]
[EventDate "2019.01.21"]
[EventRounds "10"]
[EventCountry "BRA"]

1. e4 Nf6 2. Bc4 Nxe4 3. Bxf7+ Kxf7 4. Qh5+ g6 5. Qd5+ e6 6. Qxe4 Bg7 7. Nf3 d6 8. d4 Re8 9. Bg5 Bf6 10. Bxf6 Qxf6 11. O-O Nc6 12. Re1 e5 13. dxe5 Nxe5 14. Nbd2 Nxf3+ 15. Qxf3 Qxf3 16. Nxf3 Bd7 17. c4 Kf6 18. Nd4 Rxe1+ 19. Rxe1 Re8 20. Rxe8 Bxe8 21. f4 c5 22. Ne2 b5 23. cxb5 Bxb5 24. Nc3 Bc6 25. Kf2 Kf5 26. Ke3 d5 27. Ne2 d4+ 28. Kd3 Bb5+ 0-1

[Event "V Floripa Chess Open 2019"]
[Site "Florianopolis/SC"]
[Date "2019.01.24"]
[Round "6.109"]
[White "Barbosa, Flavio Novais"]
[Black "Neitzel, Jonatan"]
[Result "1-0"]
[WhiteElo "1886"]
[BlackElo "1639"]
[PlyCount "37"]
[EventDate "2019.01.21"]
[EventRounds "10"]
[EventCountry "BRA"]

1. d4 Nf6 2. Nf3 e6 3. Bf4 d5 4. e3 Bd6 5. Bg3 c5 6. c3 O-O 7. Nbd2 b6 8. Bd3 Bb7 9. O-O Bxg3 10. hxg3 Nbd7 11. Ne5 Nxe5 12. dxe5 Ne4 13. Qc2 Nxd2 14. Qxd2 Qg5 15. f4 Qxg3 16. Rf3 Qg4 17. Kf2 h6 18. Rg3 Qh5 19. Rh3 1-0

[Event "V Floripa Chess Open 2019"]
[Site "Florianopolis/SC"]
[Date "2019.01.24"]
[Round "6.110"]
[White "Belmonte, Adriel"]
[Black "Frattini, Beatriz Maria"]
[Result "1-0"]
[WhiteElo "1879"]
[BlackElo "1638"]
[PlyCount "81"]
[EventDate "2019.01.21"]
[EventRounds "10"]
[EventCountry "BRA"]

1. d4 Nf6 2. c4 g6 3. Nc3 d5 4. e3 Bg7 5. Bd3 c5 6. Nge2 O-O 7. O-O cxd4 8. exd4 a6 9. c5 Nc6 10. h3 Ne4 11. Be3 Nxc3 12. bxc3 e5 13. Bc2 Be6 14. Rb1 exd4 15. cxd4 Qd7 16. Ba4 Qc7 17. Bf4 Qc8 18. Rb6 Bf6 19. Rb1 Bf5 20. Rb2 Na5 21. Bb3 Qc6 22. g4 Be6 23. Ba4 Qc8 24. Qb1 Bd7 25. Bxd7 Qxd7 26. Rd1 Bd8 27. Nc3 Rc8 28. Bd6 Re8 29. Nxd5 b5 30. Ne3 Bg5 31. Re2 Nc4 32. Nxc4 Rxe2 33. Nb6 Qb7 34. Nxc8 Be3 35. Ne7+ Kg7 36. c6 Qb6 37. fxe3 Qd8 38. Qb4 Rc2 39. d5 a5 40. c7 Qd7 41. Qd4+ 1-0

[Event "V Floripa Chess Open 2019"]
[Site "Florianopolis/SC"]
[Date "2019.01.24"]
[Round "6.111"]
[White "Bracht, Rainer"]
[Black "Cordeiro, Yan Henrique"]
[Result "1-0"]
[WhiteElo "1878"]
[BlackElo "1631"]
[PlyCount "45"]
[EventDate "2019.01.21"]
[EventRounds "10"]
[EventCountry "BRA"]

1. d4 d5 2. c4 e6 3. Nc3 Nf6 4. Nf3 Be7 5. Bg5 c6 6. e3 Nbd7 7. Bd3 O-O 8. O-O h6 9. Bh4 a6 10. Rc1 dxc4 11. Bxc4 b5 12. Bd3 c5 13. Ne4 c4 14. Bb1 Bb7 15. Nxf6+ Nxf6 16. Ne5 Re8 17. f3 Nd5 18. Bf2 Bh4 19. g3 Be7 20. e4 Nf6 21. Qe2 Rc8 22. Rfd1 Rc7 23. h3 1-0

[Event "V Floripa Chess Open 2019"]
[Site "Florianopolis/SC"]
[Date "2019.01.24"]
[Round "6.112"]
[White "Resende, Lucas B. Massucato"]
[Black "Sato, Leticia Miho"]
[Result "1-0"]
[WhiteElo "1876"]
[BlackElo "1613"]
[PlyCount "81"]
[EventDate "2019.01.21"]
[EventRounds "10"]
[EventCountry "BRA"]

1. d4 d5 2. c4 e6 3. Nc3 Be7 4. cxd5 exd5 5. Qc2 Nf6 6. Bg5 c6 7. e3 O-O 8. Bd3 Nbd7 9. Nge2 Re8 10. O-O h6 11. Bh4 Ne4 12. Bxe7 Qxe7 13. Nxe4 dxe4 14. Bc4 Nf6 15. Rad1 Be6 16. Bxe6 Qxe6 17. Nf4 Qf5 18. Qc5 Qxc5 19. dxc5 Rad8 20. h3 Kf8 21. Ne2 Rd5 22. Rxd5 Nxd5 23. a3 Rd8 24. Rd1 Ke7 25. Ng3 Kd7 26. Nxe4 Kc7 27. Ng3 g6 28. Ne2 b6 29. cxb6+ axb6 30. e4 Nf6 31. Rxd8 Kxd8 32. f3 Kd7 33. Kf2 Kd6 34. Ke3 Nd7 35. f4 Kc5 36. b3 Kb5 37. Kd4 Nc5 38. Nc3+ Ka6 39. b4 Nb3+ 40. Ke5 c5 41. Kf6 1-0

[Event "V Floripa Chess Open 2019"]
[Site "Florianopolis/SC"]
[Date "2019.01.24"]
[Round "6.113"]
[White "Setti, Dalmarino"]
[Black "Dias, Joao Batista"]
[Result "1-0"]
[WhiteElo "1650"]
[BlackElo "1873"]
[PlyCount "101"]
[EventDate "2019.01.21"]
[EventRounds "10"]
[EventCountry "BRA"]

1. d4 g6 2. c4 Bg7 3. Nf3 c5 4. d5 d6 5. Nc3 Nf6 6. Bg5 Nbd7 7. e3 Qa5 8. Qd2 a6 9. Be2 Rb8 10. O-O b5 11. Qc2 bxc4 12. Bxc4 Ng4 13. Rac1 O-O 14. Bxe7 Qb6 15. Bxf8 Kxf8 16. Na4 Qc7 17. h3 Nge5 18. Be2 Nxf3+ 19. Bxf3 Ne5 20. Be2 Qa5 21. b3 Bf5 22. e4 Bc8 23. Nc3 f6 24. Nd1 Bh6 25. Ra1 Kg7 26. Nb2 Qc7 27. f4 Nf7 28. Nc4 Bd7 29. Rfe1 Re8 30. Bd3 Kg8 31. Ne3 Qa7 32. Kh1 Bg7 33. Nc4 Qc7 34. Qd2 Rb8 35. Qe2 Qc8 36. Qf3 g5 37. Qh5 Be8 38. e5 Nh6 39. Qe2 dxe5 40. fxg5 fxg5 41. Nxe5 Qc7 42. Qe4 Bf8 43. Ng4 Nxg4 44. Qxg4 Qg7 45. Bc4 Kh8 46. Qf5 Bd7 47. Qe5 g4 48. Qxg7+ Kxg7 49. hxg4 Rb6 50. d6 Bb5 51. Re7+ 1-0

[Event "V Floripa Chess Open 2019"]
[Site "Florianopolis/SC"]
[Date "2019.01.24"]
[Round "6.114"]
[White "Matsura, Eduardo"]
[Black "Cardozo, Matheus Santos"]
[Result "0-1"]
[WhiteElo "1624"]
[BlackElo "1869"]
[PlyCount "34"]
[EventDate "2019.01.21"]
[EventRounds "10"]
[EventCountry "BRA"]

1. g3 Nf6 2. Bg2 g6 3. Nf3 Bg7 4. O-O d5 5. d3 O-O 6. Nbd2 c6 7. e4 dxe4 8. dxe4 Qc7 9. Re1 Rd8 10. Qe2 b6 11. e5 Ne8 12. e6 f5 13. Qc4 Bf6 14. Qb3 Ng7 15. Nc4 Bxe6 16. Rxe6 Nxe6 17. Nce5 Qd6 0-1